| 000 | 01370pam a2200349 i 4500 | ||
|---|---|---|---|
| 001 | 3035771 | ||
| 003 | EG-ScBUE | ||
| 005 | 20221218103256.0 | ||
| 008 | 951031s1996 nyua f b 001 0 eng d | ||
| 020 | _a0486290786 (pbk.) | ||
| 020 | _a9780486290782 | ||
| 040 |
_aDLC _beng _erda _cDLC _dDLC _dEG-ScBUE |
||
| 043 | _ae------ | ||
| 082 | 0 | 4 |
_a726.3094 _222 _bKRI |
| 100 | 1 |
_aKrinsky, Carol Herselle, _eauthor. _97284 |
|
| 245 | 1 | 0 |
_aSynagogues of Europe : _barchitecture, history, meaning / _cCarol Herselle Krinsky. |
| 264 | 1 |
_aMineola, New York : _bDover Publications, Inc., _c[1985] |
|
| 264 | 4 | _c1996. | |
| 300 |
_ax, 461 pages : _billustrations ; _c28 cm |
||
| 336 |
_2rdacontent _atext _btxt |
||
| 337 |
_2rdamedia _aunmediated _bn |
||
| 338 |
_2rdacarrier _avolume _bnc |
||
| 500 | _aOriginally published: New York : Architectural History Foundation ; Cambridge, Mass. : MIT Press, c1985. | ||
| 504 | _aIncludes bibliographical references and index. | ||
| 650 | 7 |
_aSynagogue architecture _zEurope. _2BUEsh _97286 |
|
| 650 | 7 |
_aSynagogues _zEurope. _2BUEsh _97287 |
|
| 653 | _bENGARC | ||
| 655 | _vReading book | ||
| 856 | 4 | 2 |
_3Publisher description _uhttp://www.loc.gov/catdir/description/dover031/95049027.html |
| 942 |
_2ddc _cBB |
||
| 999 |
_c12129 _d12129 |
||